<?xml version="1.0" encoding="UTF-8"?>
<record
    xmlns:xsi="http://www.w3.org/2001/XMLSchema-instance"
    xsi:schemaLocation="http://www.loc.gov/MARC21/slim http://www.loc.gov/standards/marcxml/schema/MARC21slim.xsd"
    xmlns="http://www.loc.gov/MARC21/slim">

  <leader>03528nam a2200841 a 4500</leader>
  <controlfield tag="008">110706s2007    sp il. f |||| 001 0 spa d</controlfield>
  <datafield tag="020" ind1=" " ind2=" ">
    <subfield code="a">9788479039981</subfield>
  </datafield>
  <datafield tag="041" ind1=" " ind2=" ">
    <subfield code="a">spa</subfield>
  </datafield>
  <datafield tag="092" ind1=" " ind2=" ">
    <subfield code="c">574</subfield>
    <subfield code="l">10</subfield>
    <subfield code="s">CAM</subfield>
  </datafield>
  <datafield tag="100" ind1="1" ind2=" ">
    <subfield code="a">Campbell, Neil A.</subfield>
    <subfield code="9">107</subfield>
  </datafield>
  <datafield tag="245" ind1=" " ind2=" ">
    <subfield code="a">Biolog&#xED;a /</subfield>
    <subfield code="c">Neil A. Campell</subfield>
  </datafield>
  <datafield tag="250" ind1=" " ind2=" ">
    <subfield code="a">7a ed.</subfield>
    <subfield code="b">Traducci&#xF3;n Silvia Cwi ; Lorenzo Facorro ; Silvia Fern&#xE1;ndez Castello ; Diana Klajn ; Andrea M&#xE9;ndez ; Judith Oxemberg ; Gabriel S&#xE1;nchez ; Karina Tzal y Marcelo Vacarezza</subfield>
  </datafield>
  <datafield tag="260" ind1=" " ind2=" ">
    <subfield code="a">Buenos Aires ; Madrid:</subfield>
    <subfield code="b">Editorial M&#xE9;dica Panamericana;</subfield>
    <subfield code="c">2007.</subfield>
  </datafield>
  <datafield tag="300" ind1=" " ind2=" ">
    <subfield code="a">1231 p.</subfield>
    <subfield code="c">29 cm.</subfield>
    <subfield code="e">Incluye sitio web complementario: www.medicapanamericana.com/campbell</subfield>
  </datafield>
  <datafield tag="500" ind1=" " ind2=" ">
    <subfield code="a">Campbell, N. A. y Reece, J. B. (2007). Biolog&#xED;a. (7a ed.). Buenos Aires ; Madrid : Editorial M&#xE9;dica Panamericana. </subfield>
  </datafield>
  <datafield tag="590" ind1=" " ind2=" ">
    <subfield code="a">Compra FACIMED, Julio 2011</subfield>
  </datafield>
  <datafield tag="653" ind1=" " ind2=" ">
    <subfield code="a">Contexto qu&#xED;mico de la vida</subfield>
  </datafield>
  <datafield tag="653" ind1=" " ind2=" ">
    <subfield code="a">Agua y adaptabilidad del ambiente</subfield>
  </datafield>
  <datafield tag="653" ind1=" " ind2=" ">
    <subfield code="a">Carbono y diversidad molecular de la vida</subfield>
  </datafield>
  <datafield tag="653" ind1=" " ind2=" ">
    <subfield code="a">Estructura y funci&#xF3;n de las macromol&#xE9;culas</subfield>
  </datafield>
  <datafield tag="653" ind1=" " ind2=" ">
    <subfield code="a">C&#xE9;lula</subfield>
  </datafield>
  <datafield tag="653" ind1=" " ind2=" ">
    <subfield code="a">Estructura y funci&#xF3;n de la membrana</subfield>
  </datafield>
  <datafield tag="653" ind1=" " ind2=" ">
    <subfield code="a">Introducci&#xF3;n al metabolismo</subfield>
  </datafield>
  <datafield tag="653" ind1=" " ind2=" ">
    <subfield code="a">Respiraci&#xF3;n celular: obtenci&#xF3;n de energ&#xED;a qu&#xED;mica</subfield>
  </datafield>
  <datafield tag="653" ind1=" " ind2=" ">
    <subfield code="a">Fotos&#xED;ntesis</subfield>
  </datafield>
  <datafield tag="653" ind1=" " ind2=" ">
    <subfield code="a">Comunicaci&#xF3;n celular</subfield>
  </datafield>
  <datafield tag="653" ind1=" " ind2=" ">
    <subfield code="a">Ciclo celular</subfield>
  </datafield>
  <datafield tag="653" ind1=" " ind2=" ">
    <subfield code="a">Meiosis y ciclos de vida sexual</subfield>
  </datafield>
  <datafield tag="653" ind1=" " ind2=" ">
    <subfield code="a">Mendel y el concepto del gen</subfield>
  </datafield>
  <datafield tag="653" ind1=" " ind2=" ">
    <subfield code="a">Bases cromos&#xF3;micas de la herencia</subfield>
  </datafield>
  <datafield tag="653" ind1=" " ind2=" ">
    <subfield code="a">Bases moleculares de la herencia</subfield>
  </datafield>
  <datafield tag="653" ind1=" " ind2=" ">
    <subfield code="a">Gen a prote&#xED;na</subfield>
  </datafield>
  <datafield tag="653" ind1=" " ind2=" ">
    <subfield code="a">Gen&#xE9;tica de los virus y de las bacterias</subfield>
  </datafield>
  <datafield tag="653" ind1=" " ind2=" ">
    <subfield code="a">Genomas eucariontes: organizaci&#xF3;n, regulaci&#xF3;n y evoluci&#xF3;n</subfield>
  </datafield>
  <datafield tag="653" ind1=" " ind2=" ">
    <subfield code="a">Tecnolog&#xED;a del DNA y gen&#xF3;mica</subfield>
  </datafield>
  <datafield tag="653" ind1=" " ind2=" ">
    <subfield code="a">Bases gen&#xE9;ticas del desarrollo</subfield>
  </datafield>
  <datafield tag="653" ind1=" " ind2=" ">
    <subfield code="a">Descendencia con modificaci&#xF3;n: una visi&#xF3;n darwiniana de la vida</subfield>
  </datafield>
  <datafield tag="653" ind1=" " ind2=" ">
    <subfield code="a">Evoluci&#xF3;n de las poblaciones</subfield>
  </datafield>
  <datafield tag="653" ind1=" " ind2=" ">
    <subfield code="a">Origen de las especies</subfield>
  </datafield>
  <datafield tag="653" ind1=" " ind2=" ">
    <subfield code="a">Filogenia y sistem&#xE1;tica</subfield>
  </datafield>
  <datafield tag="653" ind1=" " ind2=" ">
    <subfield code="a">Arbol de la vida: introducci&#xF3;n a la diversidad biol&#xF3;gica</subfield>
  </datafield>
  <datafield tag="653" ind1=" " ind2=" ">
    <subfield code="a">Procariontes</subfield>
  </datafield>
  <datafield tag="653" ind1=" " ind2=" ">
    <subfield code="a">Protistas</subfield>
  </datafield>
  <datafield tag="653" ind1=" " ind2=" ">
    <subfield code="a">Diversidad vegetal I: como las plantas colonizaron la tierra</subfield>
  </datafield>
  <datafield tag="653" ind1=" " ind2=" ">
    <subfield code="a">Diversidad vegetal II: Evoluci&#xF3;n de las plantas con semilla</subfield>
  </datafield>
  <datafield tag="653" ind1=" " ind2=" ">
    <subfield code="a">Hongos</subfield>
  </datafield>
  <datafield tag="653" ind1=" " ind2=" ">
    <subfield code="a">Introducci&#xF3;n a la diversidad animal</subfield>
  </datafield>
  <datafield tag="653" ind1=" " ind2=" ">
    <subfield code="a">Invertebrados</subfield>
  </datafield>
  <datafield tag="653" ind1=" " ind2=" ">
    <subfield code="a">Vertebrados</subfield>
  </datafield>
  <datafield tag="653" ind1=" " ind2=" ">
    <subfield code="a">Estructura, crecimiento y desarrollo de las plantas</subfield>
  </datafield>
  <datafield tag="653" ind1=" " ind2=" ">
    <subfield code="a">Transporte en las plantas vasculares</subfield>
  </datafield>
  <datafield tag="653" ind1=" " ind2=" ">
    <subfield code="a">Nutrici&#xF3;n de las plantas</subfield>
  </datafield>
  <datafield tag="653" ind1=" " ind2=" ">
    <subfield code="a">Reproducci&#xF3;n y biotecnolog&#xED;a de las angiospermas</subfield>
  </datafield>
  <datafield tag="653" ind1=" " ind2=" ">
    <subfield code="a">Respuestas de las plantas a las se&#xF1;ales internas y externas</subfield>
  </datafield>
  <datafield tag="653" ind1=" " ind2=" ">
    <subfield code="a">Principios b&#xE1;sicos de la forma y la funci&#xF3;n de los animales</subfield>
  </datafield>
  <datafield tag="653" ind1=" " ind2=" ">
    <subfield code="a">Nutrici&#xF3;n de los animales</subfield>
  </datafield>
  <datafield tag="653" ind1=" " ind2=" ">
    <subfield code="a">Circulaci&#xF3;n e intercambio de gases</subfield>
  </datafield>
  <datafield tag="653" ind1=" " ind2=" ">
    <subfield code="a">Sistema inmunitario</subfield>
  </datafield>
  <datafield tag="653" ind1=" " ind2=" ">
    <subfield code="a">Osmorregulaci&#xF3;n y excreci&#xF3;n</subfield>
  </datafield>
  <datafield tag="653" ind1=" " ind2=" ">
    <subfield code="a">Hormonas y sistema endocrino</subfield>
  </datafield>
  <datafield tag="653" ind1=" " ind2=" ">
    <subfield code="a">Reproducci&#xF3;n animal</subfield>
  </datafield>
  <datafield tag="653" ind1=" " ind2=" ">
    <subfield code="a">Desarrollo animal</subfield>
  </datafield>
  <datafield tag="653" ind1=" " ind2=" ">
    <subfield code="a">Sistema nervioso</subfield>
  </datafield>
  <datafield tag="653" ind1=" " ind2=" ">
    <subfield code="a">Mecanismos sensitivos y motores</subfield>
  </datafield>
  <datafield tag="653" ind1=" " ind2=" ">
    <subfield code="a">Introducci&#xF3;n a la biolog&#xED;a y a la biosfera</subfield>
  </datafield>
  <datafield tag="653" ind1=" " ind2=" ">
    <subfield code="a">Ecolog&#xED;a del comportamiento</subfield>
  </datafield>
  <datafield tag="653" ind1=" " ind2=" ">
    <subfield code="a">Ecolog&#xED;a de las poblaciones</subfield>
  </datafield>
  <datafield tag="653" ind1=" " ind2=" ">
    <subfield code="a">Ecolog&#xED;a de la comunidad</subfield>
  </datafield>
  <datafield tag="653" ind1=" " ind2=" ">
    <subfield code="a">Ecosistemas</subfield>
  </datafield>
  <datafield tag="653" ind1=" " ind2=" ">
    <subfield code="a">Biolog&#xED;a de la conservaci&#xF3;n y ecolog&#xED;a de la restauraci&#xF3;n</subfield>
  </datafield>
  <datafield tag="700" ind1="1" ind2=" ">
    <subfield code="a">Reece, Jane B.</subfield>
    <subfield code="9">108</subfield>
  </datafield>
  <datafield tag="942" ind1=" " ind2=" ">
    <subfield code="2">ddc</subfield>
    <subfield code="c">BK</subfield>
    <subfield code="0">4</subfield>
  </datafield>
  <datafield tag="999" ind1=" " ind2=" ">
    <subfield code="c">869</subfield>
    <subfield code="d">869</subfield>
  </datafield>
  <datafield tag="952" ind1=" " ind2=" ">
    <subfield code="0">0</subfield>
    <subfield code="1">0</subfield>
    <subfield code="2">ddc</subfield>
    <subfield code="4">0</subfield>
    <subfield code="7">0</subfield>
    <subfield code="a">BFM</subfield>
    <subfield code="b">BFM</subfield>
    <subfield code="c">CR</subfield>
    <subfield code="d">2011-07-06</subfield>
    <subfield code="l">221</subfield>
    <subfield code="m">25</subfield>
    <subfield code="o">574 CAM 10</subfield>
    <subfield code="p">2406</subfield>
    <subfield code="r">2026-05-28</subfield>
    <subfield code="s">2026-04-24</subfield>
    <subfield code="t">Ej.1</subfield>
    <subfield code="w">2011-07-06</subfield>
    <subfield code="y">BK</subfield>
    <subfield code="z">Sede Tordos.</subfield>
    <subfield code="f"></subfield>
  </datafield>
  <datafield tag="952" ind1=" " ind2=" ">
    <subfield code="0">0</subfield>
    <subfield code="1">0</subfield>
    <subfield code="2">ddc</subfield>
    <subfield code="4">0</subfield>
    <subfield code="7">0</subfield>
    <subfield code="a">BFM</subfield>
    <subfield code="b">BFM</subfield>
    <subfield code="c">CR</subfield>
    <subfield code="d">2012-06-05</subfield>
    <subfield code="e">COMPRA PROMED, JUNIO 2012.</subfield>
    <subfield code="g">336.00</subfield>
    <subfield code="l">223</subfield>
    <subfield code="m">20</subfield>
    <subfield code="o">574; CAM; 10</subfield>
    <subfield code="p">2513</subfield>
    <subfield code="r">2026-05-14</subfield>
    <subfield code="s">2026-05-07</subfield>
    <subfield code="t">Ej.2</subfield>
    <subfield code="w">2012-06-05</subfield>
    <subfield code="y">BK</subfield>
    <subfield code="z">COMPRA PROMED, JUNIO 2012. Sede Tordos.</subfield>
    <subfield code="f"></subfield>
  </datafield>
  <datafield tag="952" ind1=" " ind2=" ">
    <subfield code="0">0</subfield>
    <subfield code="1">0</subfield>
    <subfield code="2">ddc</subfield>
    <subfield code="4">0</subfield>
    <subfield code="7">0</subfield>
    <subfield code="a">BFM</subfield>
    <subfield code="b">BFM</subfield>
    <subfield code="c">CR</subfield>
    <subfield code="d">2012-06-05</subfield>
    <subfield code="e">COMPRA PROMED, JUNIO 2012.</subfield>
    <subfield code="g">336.00</subfield>
    <subfield code="l">228</subfield>
    <subfield code="m">16</subfield>
    <subfield code="o">574; CAM; 10</subfield>
    <subfield code="p">2514</subfield>
    <subfield code="q">2026-06-09</subfield>
    <subfield code="r">2026-05-27</subfield>
    <subfield code="s">2026-05-27</subfield>
    <subfield code="t">Ej.3</subfield>
    <subfield code="w">2012-06-05</subfield>
    <subfield code="y">BK</subfield>
    <subfield code="z">COMPRA PROMED, JUNIO 2012. Sede Tordos. </subfield>
    <subfield code="f"></subfield>
  </datafield>
  <datafield tag="952" ind1=" " ind2=" ">
    <subfield code="0">0</subfield>
    <subfield code="1">0</subfield>
    <subfield code="2">ddc</subfield>
    <subfield code="4">0</subfield>
    <subfield code="7">0</subfield>
    <subfield code="a">BFM</subfield>
    <subfield code="b">BFM</subfield>
    <subfield code="c">CR</subfield>
    <subfield code="d">2012-06-05</subfield>
    <subfield code="e">COMPRA PROMED, JUNIO 2012.</subfield>
    <subfield code="g">336.00</subfield>
    <subfield code="l">232</subfield>
    <subfield code="m">23</subfield>
    <subfield code="o">574; CAM; 10</subfield>
    <subfield code="p">2515</subfield>
    <subfield code="r">2025-09-09</subfield>
    <subfield code="s">2025-09-04</subfield>
    <subfield code="t">Ej.4</subfield>
    <subfield code="w">2012-06-05</subfield>
    <subfield code="y">BK</subfield>
    <subfield code="z">COMPRA PROMED, JUNIO 2012. Sede Tordos.</subfield>
    <subfield code="f"></subfield>
  </datafield>
  <datafield tag="952" ind1=" " ind2=" ">
    <subfield code="0">0</subfield>
    <subfield code="1">0</subfield>
    <subfield code="2">ddc</subfield>
    <subfield code="4">0</subfield>
    <subfield code="7">0</subfield>
    <subfield code="a">BFM</subfield>
    <subfield code="b">BFM</subfield>
    <subfield code="c">CR</subfield>
    <subfield code="d">2012-06-05</subfield>
    <subfield code="e">COMPRA PROMED, JUNIO 2012.</subfield>
    <subfield code="g">336.00</subfield>
    <subfield code="l">229</subfield>
    <subfield code="m">19</subfield>
    <subfield code="o">574; CAM; 10</subfield>
    <subfield code="p">2516</subfield>
    <subfield code="r">2025-08-08</subfield>
    <subfield code="s">2025-06-23</subfield>
    <subfield code="t">Ej.5</subfield>
    <subfield code="w">2012-06-05</subfield>
    <subfield code="y">BK</subfield>
    <subfield code="z">COMPRA PROMED, JUNIO 2012.</subfield>
  </datafield>
  <datafield tag="952" ind1=" " ind2=" ">
    <subfield code="0">0</subfield>
    <subfield code="1">0</subfield>
    <subfield code="2">ddc</subfield>
    <subfield code="4">0</subfield>
    <subfield code="7">0</subfield>
    <subfield code="a">BFM</subfield>
    <subfield code="b">BFM</subfield>
    <subfield code="c">CR</subfield>
    <subfield code="d">2012-06-05</subfield>
    <subfield code="e">COMPRA PROMED, JUNIO 2012.</subfield>
    <subfield code="g">336.00</subfield>
    <subfield code="l">233</subfield>
    <subfield code="m">24</subfield>
    <subfield code="o">574; CAM; 10</subfield>
    <subfield code="p">2517</subfield>
    <subfield code="r">2025-10-01</subfield>
    <subfield code="s">2025-09-24</subfield>
    <subfield code="t">Ej.6</subfield>
    <subfield code="w">2012-06-05</subfield>
    <subfield code="y">BK</subfield>
    <subfield code="z">COMPRA PROMED, JUNIO 2012. Sede Tordos.</subfield>
    <subfield code="f"></subfield>
  </datafield>
  <datafield tag="952" ind1=" " ind2=" ">
    <subfield code="0">0</subfield>
    <subfield code="1">0</subfield>
    <subfield code="2">ddc</subfield>
    <subfield code="4">0</subfield>
    <subfield code="7">0</subfield>
    <subfield code="a">BFM</subfield>
    <subfield code="b">BFM</subfield>
    <subfield code="c">CR</subfield>
    <subfield code="d">2012-06-05</subfield>
    <subfield code="e">COMPRA PROMED, JUNIO 2012.</subfield>
    <subfield code="g">336.00</subfield>
    <subfield code="l">238</subfield>
    <subfield code="m">26</subfield>
    <subfield code="o">574; CAM; 10</subfield>
    <subfield code="p">2518</subfield>
    <subfield code="q">2026-06-08</subfield>
    <subfield code="r">2026-05-21</subfield>
    <subfield code="s">2026-05-21</subfield>
    <subfield code="t">Ej.7</subfield>
    <subfield code="w">2012-06-05</subfield>
    <subfield code="y">BK</subfield>
    <subfield code="z">COMPRA PROMED, JUNIO 2012.</subfield>
    <subfield code="f"></subfield>
  </datafield>
  <datafield tag="952" ind1=" " ind2=" ">
    <subfield code="0">0</subfield>
    <subfield code="1">0</subfield>
    <subfield code="2">ddc</subfield>
    <subfield code="4">0</subfield>
    <subfield code="7">0</subfield>
    <subfield code="a">BFM</subfield>
    <subfield code="b">BFM</subfield>
    <subfield code="c">CR</subfield>
    <subfield code="d">2013-08-16</subfield>
    <subfield code="e">COMPRA PROMED, 2DO A&#xD1;O. AGOSTO 2013</subfield>
    <subfield code="g">500.00</subfield>
    <subfield code="l">202</subfield>
    <subfield code="m">23</subfield>
    <subfield code="o">574 10 CAM</subfield>
    <subfield code="p">3141</subfield>
    <subfield code="r">2026-05-19</subfield>
    <subfield code="s">2026-05-12</subfield>
    <subfield code="t">Ej.8</subfield>
    <subfield code="w">2013-08-16</subfield>
    <subfield code="y">BK</subfield>
    <subfield code="z">COMPRA PROMED, 2DO A&#xD1;O. AGOSTO 2013. Sede Tordos.</subfield>
    <subfield code="f"></subfield>
  </datafield>
  <datafield tag="952" ind1=" " ind2=" ">
    <subfield code="0">0</subfield>
    <subfield code="1">0</subfield>
    <subfield code="2">ddc</subfield>
    <subfield code="4">0</subfield>
    <subfield code="7">0</subfield>
    <subfield code="a">BFM</subfield>
    <subfield code="b">BFM</subfield>
    <subfield code="c">CR</subfield>
    <subfield code="d">2013-08-16</subfield>
    <subfield code="e">COMPRA PROMED, 2DO A&#xD1;O. AGOSTO 2013</subfield>
    <subfield code="g">500.00</subfield>
    <subfield code="l">199</subfield>
    <subfield code="m">24</subfield>
    <subfield code="o">574 10 CAM</subfield>
    <subfield code="p">3142</subfield>
    <subfield code="r">2026-05-18</subfield>
    <subfield code="s">2026-05-12</subfield>
    <subfield code="t">Ej.9</subfield>
    <subfield code="w">2013-08-16</subfield>
    <subfield code="y">BK</subfield>
    <subfield code="z">COMPRA PROMED, 2DO A&#xD1;O. AGOSTO 2013. Sede Tordos.</subfield>
    <subfield code="f"></subfield>
  </datafield>
  <datafield tag="952" ind1=" " ind2=" ">
    <subfield code="0">0</subfield>
    <subfield code="1">0</subfield>
    <subfield code="2">ddc</subfield>
    <subfield code="4">0</subfield>
    <subfield code="7">0</subfield>
    <subfield code="8">REF</subfield>
    <subfield code="a">BFM</subfield>
    <subfield code="b">BFM</subfield>
    <subfield code="c">REF</subfield>
    <subfield code="d">2013-08-16</subfield>
    <subfield code="e">COMPRA PROMED, 2DO A&#xD1;O. AGOSTO 2013</subfield>
    <subfield code="g">500.00</subfield>
    <subfield code="l">46</subfield>
    <subfield code="m">4</subfield>
    <subfield code="o">574 10 CAM</subfield>
    <subfield code="p">3143</subfield>
    <subfield code="r">2025-08-21</subfield>
    <subfield code="s">2025-06-23</subfield>
    <subfield code="t">Ej.10</subfield>
    <subfield code="w">2013-08-16</subfield>
    <subfield code="y">REF</subfield>
    <subfield code="z">LIBRO DE CONSULTA. COMPRA PROMED, 2DO A&#xD1;O. AGOSTO 2013</subfield>
  </datafield>
  <datafield tag="952" ind1=" " ind2=" ">
    <subfield code="0">0</subfield>
    <subfield code="1">0</subfield>
    <subfield code="2">ddc</subfield>
    <subfield code="4">0</subfield>
    <subfield code="7">0</subfield>
    <subfield code="a">BFM</subfield>
    <subfield code="b">BFM</subfield>
    <subfield code="c">CR</subfield>
    <subfield code="d">2013-08-16</subfield>
    <subfield code="e">COMPRA PROMED, 2DO A&#xD1;O. AGOSTO 2013</subfield>
    <subfield code="g">500.00</subfield>
    <subfield code="l">180</subfield>
    <subfield code="m">27</subfield>
    <subfield code="o">574 10 CAM</subfield>
    <subfield code="p">3144</subfield>
    <subfield code="r">2026-05-14</subfield>
    <subfield code="s">2026-05-08</subfield>
    <subfield code="t">Ej.11</subfield>
    <subfield code="w">2013-08-16</subfield>
    <subfield code="y">BK</subfield>
    <subfield code="z">COMPRA PROMED, 2DO A&#xD1;O. AGOSTO 2013. Sede Tordos.</subfield>
    <subfield code="f"></subfield>
  </datafield>
  <datafield tag="952" ind1=" " ind2=" ">
    <subfield code="0">0</subfield>
    <subfield code="1">0</subfield>
    <subfield code="2">ddc</subfield>
    <subfield code="4">0</subfield>
    <subfield code="7">0</subfield>
    <subfield code="a">BFM</subfield>
    <subfield code="b">BFM</subfield>
    <subfield code="c">CR</subfield>
    <subfield code="d">2013-08-16</subfield>
    <subfield code="e">COMPRA PROMED, 2DO A&#xD1;O. AGOSTO 2013</subfield>
    <subfield code="g">500.00</subfield>
    <subfield code="l">185</subfield>
    <subfield code="m">24</subfield>
    <subfield code="o">574 10 CAM</subfield>
    <subfield code="p">3145</subfield>
    <subfield code="r">2026-05-21</subfield>
    <subfield code="s">2026-05-13</subfield>
    <subfield code="t">Ej.12</subfield>
    <subfield code="w">2013-08-16</subfield>
    <subfield code="y">BK</subfield>
    <subfield code="z">COMPRA PROMED, 2DO A&#xD1;O. AGOSTO 2013. Sede Tordos.</subfield>
    <subfield code="f"></subfield>
  </datafield>
  <datafield tag="952" ind1=" " ind2=" ">
    <subfield code="0">0</subfield>
    <subfield code="1">0</subfield>
    <subfield code="2">ddc</subfield>
    <subfield code="4">0</subfield>
    <subfield code="7">0</subfield>
    <subfield code="a">BFM</subfield>
    <subfield code="b">BFM</subfield>
    <subfield code="c">CR</subfield>
    <subfield code="d">2014-05-23</subfield>
    <subfield code="e">DONACION MARCO SCAMPITELLI, MAYO 2014</subfield>
    <subfield code="l">166</subfield>
    <subfield code="m">18</subfield>
    <subfield code="o">574 10 CAM</subfield>
    <subfield code="p">3288</subfield>
    <subfield code="r">2026-05-28</subfield>
    <subfield code="s">2026-05-20</subfield>
    <subfield code="t">Ej.13</subfield>
    <subfield code="w">2014-05-23</subfield>
    <subfield code="y">BK</subfield>
    <subfield code="z">DONACION MARCO SCAMPITELLI, MAYO 2014. Sede Tordos. </subfield>
    <subfield code="f"></subfield>
  </datafield>
</record>
